| 000 -LEADER |
| fixed length control field |
00972cam a2200253 i 4500 |
| 003 - CONTROL NUMBER IDENTIFIER |
| control field |
OSt |
| 005 - DATE AND TIME OF LATEST TRANSACTION |
| control field |
20240705151920.0 |
| 008 - FIXED-LENGTH DATA ELEMENTS--GENERAL INFORMATION |
| fixed length control field |
210719s2022 maua b 001 0 eng |
| 020 ## - INTERNATIONAL STANDARD BOOK NUMBER |
| International Standard Book Number |
9780262543385 |
| Qualifying information |
(paperback) |
| 042 ## - AUTHENTICATION CODE |
| Authentication code |
pcc |
| 082 00 - DEWEY DECIMAL CLASSIFICATION NUMBER |
| Classification number |
720.71 |
| Edition number |
23 |
| 130 0# - MAIN ENTRY--UNIFORM TITLE |
| Uniform title |
Radical pedagogies (M.I.T. Press) |
| 245 10 - TITLE STATEMENT |
| Title |
Radical pedagogies / |
| Statement of responsibility, etc |
edited by Beatriz Colomina, Ignacio G. Galán, Evangelos Kotsioris, Anna-Maria Meister. |
| 300 ## - PHYSICAL DESCRIPTION |
| Extent |
415 pages : |
| Other physical details |
illustrations (some color) ; |
| Dimensions |
25 cm |
| 504 ## - BIBLIOGRAPHY, ETC. NOTE |
| Bibliography, etc |
Includes bibliographical references and index. |
| 520 ## - SUMMARY, ETC. |
| Summary, etc |
"An overview of over 100 pedoagogical experiments in the field of architecture over the years and throughout the world"-- |
| 650 #0 - SUBJECT ADDED ENTRY--TOPICAL TERM |
| Topical term or geographic name as entry element |
Architecture |
| General subdivision |
Study and teaching. |
| 650 #0 - SUBJECT ADDED ENTRY--TOPICAL TERM |
| Topical term or geographic name as entry element |
Creative teaching. |
| 700 1# - ADDED ENTRY--PERSONAL NAME |
| Personal name |
Colomina, Beatriz, |
| Relator term |
editor. |
| 700 1# - ADDED ENTRY--PERSONAL NAME |
| Personal name |
Galán, Ignacio G., |
| Relator term |
editor. |
| 700 1# - ADDED ENTRY--PERSONAL NAME |
| Personal name |
Kotsioris, Evangelos, |
| Relator term |
editor. |
| 700 1# - ADDED ENTRY--PERSONAL NAME |
| Personal name |
Meister, Anna-Maria, |
| Relator term |
editor. |
| 942 ## - ADDED ENTRY ELEMENTS (KOHA) |
| Source of classification or shelving scheme |
|